La tutoría; pautas de acción e instrumentos útiles al profesor-tutor /

Guardado en:
Autor Principal: Román, José María
Formato: Libro
Publicado: Barcelona : Ceac, 1980
Edición:2a. ed.
Materias:
Etiquetas: Agregar Etiqueta
Sin Etiquetas, Sea el primero en etiquetar este registro!
LEADER 00625nam a22002175a 4500
001 CEM.cems005595
005 20060221000000.0
008 130507s1980##################000#0#####d
003 CEMS
082 0 4 |a 371.42 
100 1 |a Román, José María 
245 1 0 |a La tutoría; pautas de acción e instrumentos útiles al profesor-tutor / 
250 |a 2a. ed. 
260 |a Barcelona :  |b Ceac,  |c 1980 
300 |a 460 p. 
653 |a Educacion 
653 |a Orientacion escolar 
653 |a Profesor consejero 
653 |a Profesor orientador 
653 |a Tutoria 
859 |a CEMS  |b BIB. CEMS - 11 de abril  |h 371.42  |i R661a2  |p 15302.88  |t Ej.1